000 01230aam a2200433a 44500
008 000530s2000 cat
017 _aB-51553-1999
020 _a8439350961
041 _acat
041 _beng
041 _bfre
041 _bspa
080 _a331.106.25(038)
110 _aTERMCAT
_960609
245 _aDiccionari de la negociació col·lectiva
_cGeneralitat de Catalunya. Departament de Treball; TERMCAT, Centre de Terminologia
260 _aBarcelona
_bGeneralitat de Catalunya. Departament de Treball
_c2000
300 _a157 p.
_c25 cm
500 _aBibliografia. Índex
500 _aCategoria gramatical, sinònims, remissions, notes
500 _btermcat
520 _a718
546 _acatalà
591 _aNEGCOL
592 _aObra terminològica
593 _aNPE
594 _a6603
650 _aconvenis col·lectius
_965322
650 _atreball
_960859
710 _aCatalunya. Generalitat. Departament de Treball
_967722
901 _c<2000>
902 _a000530
942 _cMO
_n0
_2ddc
999 _c59169
_d59169